000
00210 a2200097 4500
001
41899
100
_a
245
_a
The Book of Popular Science
260
_a
_b
Lexicon Publications
_c
090
_c
25963
_d
25963
942
_a
NUST-CAE
_c
M
_c
17739
999
_c
276972
_d
276972